De la carretilla al módulo / (Registro nro. 9049)

Detalles MARC
000 -LIDER
fixed length control field 00820nam a22002657a 4500
001 - NÚMERO DE CONTROL
Identificador de número de control 0074
003 - IDENTIFICACDOR DE NÚMERO DE CONTROL
control field DO-SdBNP
005 - DATE AND TIME OF LATEST TRANSACTION
control field 20180302094506.0
007 - CAMPOS FIJOS DE DESCRIPCIÓN FÍSICA
fixed length control field 0074
008 - ELEMENTOS DE LONGITUD FIJA
fixed length control field 151208b sp 1973 xxu||||| |||| 00| 0 spa d
020 ## - ISBN
International Standard Book Number 843241838
040 ## - FUENTE DE CATALOGACIÓN
Agencia que crea de manera original el registro BPMSU
Idioma de catalogación spa
Agencia que realiza la transcripción BPMSU
092 ## - LOCALLY ASSIGNED DEWEY DECIMAL CALL NUMBER
Número de clasificación xxxxxxxx
Número de ítem (Cutter) xxxxxxxx
100 10 - ASIENTO PRINCIPAL -- NOMBRE PERSONAL
Nombre personal Ploquin, Geneviéve
245 10 - MENCIÓN DE TITULO
Título De la carretilla al módulo /
Mención de responsabilidad Geneviéve Ploquin ; traducción A. Lupo Canaleta
260 ## - PUBLICACIÓN, DISTRIBUCIÓN, ETC. (PIE DE IMPRENTA)
Lugar de publicación, distribución, etc Barcelona :
Nombre del editor, distribuidor, etc. Vilamala,
Fecha de publicación, distribución, etc 1973.
300 ## - DESCRIPCIÓN FÍSICA
Extensión 62 p. :
Otros detalles físicos il.,
Dimensiones 23 cm.
490 10 - MENCIÓN DE SERIES
Mención de serie Cómo hacer
Volume/sequential designation 3
500 ## - NOTA GENERAL
Nota general Cómo representar de manera divertida numerosos medios de transporte que ruedan, flotan o vuelan
700 10 - ASIENTO SECUNDARIO -- NOMBRE PERSONAL
Nombre personal Lupo Canaleta, A.,
Mención de responsabilidad tr.
830 00 - ASIENTO SECUNDARIO DE SERIE--TÍTULO UNIFORME
Título uniforme Cómo hacer
Número de la parte o sección de una obra 3
942 ## - ADDED ENTRY ELEMENTS (KOHA)
Source of classification or shelving scheme Dewey Decimal Classification
Koha item type Libros
945 ## - INFORMACIÓN DE PROCESAMIENTO LOCAL
Información de procesamiento local inventariado, 2018 / dg
956 ## - LOCAL ELECTRONIC LOCATION AND ACCESS (OCLC)
Nombre de host Brenda Tavárez
Existencias
Withdrawn status Lost status Source of classification or shelving scheme Damaged status Not for loan Home library Current library Date acquired Source of acquisition Total Checkouts Barcode Date last seen Price effective from Koha item type
    Dewey Decimal Classification     Biblioteca Pública Metropolitana Salomé Ureña Biblioteca Pública Metropolitana Salomé Ureña 12/08/2015 Donación   BPMSU15120084 12/08/2015 12/08/2015 Libros